Geografia
Publicado:
Barcelona :
Diputació de Barcelona. Àrea d'Educació. Gerència de serveis d'Educació, [2009]
Descripción Física:
20 p. ; 29 cm
Materias:
Geografia -- Ensenyament
MARC
| LEADER | 00000nam a2200000Ia 4500 | ||
|---|---|---|---|
| 001 | 22257 | ||
| 008 | 160829s9999 xx 000 0 cat d | ||
| 080 | |a FU-54-6 | ||
| 245 | |a Geografia | ||
| 260 | |a Barcelona : |b Diputació de Barcelona. Àrea d'Educació. Gerència de serveis d'Educació, [2009] | ||
| 300 | |a 20 p. ; |c 29 cm | ||
| 590 | |a A la coberta: T. 1 El marc ambiental de la Península Ibèrica (II part). Prof. Dolors P. | ||
| 590 | |a CFA Can Batlló. Accés Universitat | ||
| 650 | |a Geografia |x Ensenyament |9 37372 | ||
| 710 | |a Barcelona (Catalunya : Província). |b Gerència de Serveis d'Educació |9 52167 | ||
| 710 | 2 | |a Centre de Formació d'Adults Can Batlló |9 55011 | |
| 866 | |a Curs: 2009 - 2010 | ||
| 901 | |a Arxiu | ||
| 942 | |n 1 | ||
| 952 | |0 0 |1 0 |4 0 |6 FU546 |7 1 |9 50173 |a Arxiu |b Arxiu |d 2016-12-01 |l 0 |o FU-54-6 |p 22257 |r 2016-12-01 00:00:00 |w 2016-12-01 |y ARXIU | ||
| 999 | |c 54015 |d 54015 | ||